000 01130naa a2200241 4500
005 20080924111043.0
010 _aB-453656-657
020 _a8185026602
_c2250.00
035 _aB-453656-657
037 _bR.B.C/Ven
082 _a700.8826
245 _aNew insights into sikh art /
_cedited by Kavita Singh
260 _aMumbai
_bMarg Publications
_c2003
270 _aNational Centre for the Performing Arts,24, Homi Mody Street,
_bMumbay
_e400001
300 _a148p.
_c31cm.(Hb)
_bIll
500 _aIncludes index
610 _a International Labour Organisation
_942759
700 _aKavita Singh
_941731
942 _adpl
_cEN
_2ddc
_mNEW
_h700.8826
999 _c62672
_d62672